Quizzes
Events
Quiz Creation
Community
Videos
Private Events
Remove Ads
Sign In
Join for FREE
Feedback
Dark Mode
Quiz Categories
Sports
Geography
Music
Movies
Television
Just For Fun
Miscellaneous
History
Literature
Language
Science
Gaming
Entertainment
Religion
Holiday
For Kids
Quiz Lab
Recent
Popular Today
Quiz Kudos Today
Editor Picks
Curator Picks
Quizzes by...
Day
Popularity
Type
Ratings
Length
Year
Community
Subscriptions
Recent Discussions
Orange Saloon
Badges
Playlists
Quests
Create
Leaderboards
Showdown
Live 5
Trivia Bingo
Activity
Puzzle Library
Sporcle Events
Private Events
Virtual Trivia
Globe League
Become a Host
Pub Owners
SporcleCon
Opinionation
Our Games
Videos
Blog
Mobile Apps
Partnerships
Remove Ads and Go Orange
Feedback
Music
Pop Music
The Beatles
Song
Album
Lyrics
Bands
Singers
Artist
Clip
Rock
Rap
Classical
Billboard
Country Music
Kpop
Taylor Swift
Music
Pop Music
The Beatles
Song
Album
Lyrics
Bands
Singers
Artist
Clip
Rock
Rap
Classical
Billboard
Country Music
Kpop
Taylor Swift
Random Quiz
Search Sporcle
×
Quiz Lab
Quiz Lab
Music
Lyrics
Type in answers that appear in a list
Type in answers that appear in a list
Classic
Best Score? Go Orange.
More Than A Feeling Stats
Can you name the Lyrics to Boston's 'More Than A Feeling?'?
By
GeorgiaPeach
4m
26 Questions
186 Plays
186 Plays
186 Plays
Comments
Comments
Give Quiz Kudos
Give Quiz Kudos
-
- Ratings
hide this ad
More Info
Forced Order
Answers have to be entered in order
Answers have to be entered in order
Replay
Link that replays current quiz
Next Quiz
Link to next quiz in quiz playlist
You Got
0%
They Got
Avg Score
52%
Avg Friend Score
Upgrade to see
Score Distribution
Jump to the score distribution portion of the page
Score
0/26
Timer
04:00
0
Plays Today
Lyric
Lyric
% Correct
It's more than...(2)
a feeling
88.2%
turned on some music...(4)
to start my day
81.2%
I woke up this morning...(5)
and the sun was gone
77.4%
I see my Marianne...(2)
walking away
71.5%
It's more than...(2)
a feeling
69.9%
I closed my eyes and...(3)
I slipped away
65.6%
I see my Marianne...(2)
walking away
60.2%
I begin...(1)
dreaming
59.7%
their faces fade...(5)
as the years go by
58.1%
It's more than...(2)
a feeling
58.1%
so many people...(4)
have come and gone
55.9%
And dream of a girl...(4)
I used to know
54.8%
I begin...(1)
dreaming
54.3%
Lyric
Lyric
% Correct
as clear as the sun in...(3)
the summer sky
50%
I lost myself in...(3)
a familiar song
48.9%
'Till I see...(3)
Marianne walk away
48.9%
When I hear that...(6)
old song they used to play
44.1%
'Till I see...(3)
Marianne walk away
44.1%
I hide in my music...(3)
forget the day
44.1%
I begin...(1)
dreaming
42.5%
When I hear that...(6)
old song they used to play
40.3%
'Till I see...(3)
Marianne walk away
37.6%
I closed my eyes and...
she slipped away
37.1%
When I hear that...(6)
old song they used to play
31.7%
When I'm tired...(3)
and thinking cold
23.7%
yet I still recall as...(3)
I wander on
19.9%
Quiz Playlist
Details
Report
Send in Message
Add To Playlist
More Info:
I left out the chorus; amount of words in answer are in parenthesis
Classic:
Type in answers that appear in a list
Forced Order:
Answers have to be entered in order
Last Updated: Feb 16, 2017
Quiz Scoreboard
CHALLENGE
Sign Up to Join the Scoreboard
Show All
Scores
Hide
Comments
May contain spoilers
Recently Published
College Basketball Coaching Resumes
by pancakes188
Sports
9m
Billboard Blitz: Fleetwood Mac
by CooCooCachoo
Music
15s
Presidents Visiting Landmarks
by Hejman
History
7m
More to Explore
Quiz From the Vault
Featured Blog Post
Where Did the Easter Bunny Come From?
hide this ad
You Might Also Like...
Tags
Lyrics Quiz
Boston
Feeling
Today's Top Quizzes in Music
Browse Music
hide this ad
Today's Top Quizzes in Lyrics
Browse Lyrics
Top Contributed Quizzes in Music
1
Taylor Swift All Songs (2024)
2
Guess the Artist- 70s Songs
3
7-to-1: Billboard Hot 100 #1 Hits of 2010s
4
Sorting Albums and Songs
5
Taylor Swift Logic Puzzle
6
KPOP LOGIC QUIZ
7
One Thing in Common: Music
8
Guess the Taylor Swift song (Mystery Song)
9
2010s Album by Cover III
10
Guess The Taylor Swift Lyrics Song #1
Explore More
Trending Topics
Harry Potter
Anime
Crossword
NBA
Kpop
Marvel
Disney
Song
NFL
The Office
Pokémon
Soccer
Puzzle
Country
WWE
hide this ad
More By:
GeorgiaPeach
Quiz
Plays
Rating
Category
Featured
Created
Profile: George Costanza
134,536
4.49
Television
Jan 12, 2010
MLB HR Leaders by Decade
113,183
4.58
Sports
Jul 5, 2010
Most Hits With One MLB Team
69,091
4.53
Sports
Oct 5, 2009
American History: 1950s
55,672
4.31
History
Jul 11, 2011
Highest Oscar Win Percentage
49,788
4.25
Movies
Oct 3, 2009
Go to Creator's Profile
Score Distribution
Quiz Creator Spotlight
GeorgiaPeach
Follow
Send a Message
Quizzes Created
-
Created Quiz Play Count
-
More By This Creator
Popular Quizzes Today
1
Find the US States - No Outlines Minefield
2
Find the Countries of Europe - No Outlines Minefield
3
The Countries of the World
4
Find the US States
5
Risky Map Clicking: Biggest States A-Z
6
US States
7
Popular People in 1961
8
Movies - When Are They Set?
More Music Quizzes
Kanye West's most streamed songs (by album)
Quiz Lab
Trending Quizzes
Risky Map Clicking: Least Populous States A-Z
1-10 Letter G Words
1-10 Letter F Words
Risky Map Clicking: Next State Alphabetically
Click the Washington State Counties! (Map)
Recently Updated
Leaping Animals
pecheneg
Reality TV Shows (A-Z)
bhenderson79
Rickey Henderson's Hall of Fame Teammates
pecheneg
Champions League XIs: Arsenal
pecheneg
Quick Pick: Celebrities in WWE's Hall of Fame
aduchscher
A-Z Keypad Blitz II
pecheneg
Multiple Oscar Actors
pecheneg
Mystery Phrase Blitz: Oscar 'Best Actors'
pecheneg
F. Scott Fitzgerald Novels
LTH
Pick 3 Villains
ddd62291
Trending Topics
Harry Potter
Disney
Crossword
Kpop
Marvel
NBA
Anime
Country
WWE
NFL
Soccer
Puzzle
Song
The Office
Pokémon
Your Account Isn't Verified!
In order to create a playlist on Sporcle, you need to verify the email address you used during registration. Go to your
Sporcle Settings
to finish the process.
Report this User
Report this user for behavior that violates our
Community Guidelines
.
Details:
Send Report
Go to the Sporcle.com Mobile Site →
Comments